Statistiques concernant La réponse commence par Por...

Cliquez ici pour prendre le quiz!

Statistiques générales

  • Ce quiz a été pris 376 fois
  • Le résultat moyen est 13 sur 18

Statistiques - réponses

QuestionRéponse
% Correct
Se dit d'un téléphone qui n'est pas fixe
portable
100%
On y amarre les bateaux
Port
95%
Langue parlée dans un pays lusophone
Portugais
95%
Petit animal pourvu d'épines
Porc épic
93%
On y range son argent et ses cartes.
Porte-feuille
93%
Trèfle a 4 feuilles ou fer à cheval par exemple.
Porte bonheur
87%
Marque de voiture de luxe.
Porsche
84%
Boisson issu d'un vin muté Portugais
Porto
83%
Petit du porc
Porcelet
72%
Capitale d’HaïtiPort-au-prince
69%
Actrice Israélo-Américaine ayant jouée dans "Léon" ou "Star Wars"
Portman
67%
Utilisé par la police pour représenter un suspect.Portrait robot
63%
Petit accès permettant d'entrer dans un jardin par exemple.
Portillon
60%
Plus grande ville d’Oregon
Portland
59%
Spécialité de Limoges
Porcelaine
56%
C'est une bouillie de flocon d'avoine.
Porridge.
55%
Capitale de Trinité-et-Tobago
Port d'Espagne
31%
Gardien de but Français des années 2000 ayant notamment joué à l'OM ou Monaco.
Porato
10%

Distribution des résultats

Percentile par nombre de réponses

% des personnes avec chaque résultat

Votre développement - résultats

Vous n’avez pas pris ce quiz